• 首页
  • 本馆介绍
  • 公告通知
  • 最新文献
  • 馆藏检索
  • 电子资源
  • 读者导购
  • 参考咨询
  • 我的图书馆
  • 登录
  • 详细信息显示
  • 放入我的书架
  • 预约/预借图书
  • 作者相关作品
  • 分类相关作品
  • 丛书相关作品
  • 出版社相关作品

书目信息

  • 表格格式
  • 工作单格式
  • 卡片格式
题名:
新疆野马回归手记
    
 
作者: 张赫凡 著
分册:  
出版信息: 北京   中国林业出版社  2017
页数: 224页
开本: 24cm
丛书名:
单 册:
中图分类: Q959.843 , Q959.8
科图分类:
主题词: 野生动物--马--新疆--普及读物
电子资源:
ISBN: 978-7-5038-7923-4
000 00833nam0 2200241 450
001 2375402213
005 20231129205657.20
010    @a978-7-5038-7923-4@dCNY58.00
100    @a20170719d2017 em y0chiy0120 ea
101 0  @achi
102    @aCN@b110000
105    @aa z 000yy
200 1  @a新疆野马回归手记@9xin jiang ye ma hui gui shou ji@b专著@f张赫凡著
210    @a北京@c中国林业出版社@d2017
215    @a224页@c彩照@d24cm
330    @a本书作者用生动的笔触介绍了比大熊猫还要珍贵的野马在野外放归中的各种令人动容的故事,展现了保护者们执着、坚韧地驻守在荒滩戈壁上保护野马的事迹,歌颂了他们的奉献精神。
606 0  @a野生动物@x马@y新疆@j普及读物
610 0  @a普氏野马
690    @aQ959.843@v5
690    @aQ959.8@v4
701  0 @a张赫凡@9zhang he fan@c(女)@4著
801  2 @aCN@b58marc.cn@c20180717
905    @aBZT@dQ959.8@e5
    
    新疆野马回归手记/张赫凡著.-北京:中国林业出版社,2017
    224页:彩照;24cm
    
    
    ISBN 978-7-5038-7923-4:CNY58.00
    本书作者用生动的笔触介绍了比大熊猫还要珍贵的野马在野外放归中的各种令人动容的故事,展现了保护者们执着、坚韧地驻守在荒滩戈壁上保护野马的事迹,歌颂了他们的奉献精神。
●
相关链接 在五车中查询图书 在当当中查询图书 在豆瓣中查询图书


正题名:新疆野马回归手记     索取号:Q959.8/5         预约/预借

序号 登录号 条形码 馆藏地/架位号 状态 备注
1 2001167752   2001167752   中教(第二批第二书库)/山东中教(第二批)/2035/ [索取号:Q959.8/5] 在馆    
2 2001167753   2001167753   中教(第二批第二书库)/山东中教(第二批)/2035/ [索取号:Q959.8/5] 在馆    
3 2001167754   2001167754   中教(第二批第二书库)/山东中教(第二批)/2035/ [索取号:Q959.8/5] 在馆    
4 2001167755   2001167755   中教(第二批第二书库)/山东中教(第二批)/2035/ [索取号:Q959.8/5] 在馆    
5 2001167756   2001167756   中教(第二批第二书库)/山东中教(第二批)/2035/ [索取号:Q959.8/5] 在馆    
6 2001167757   2001167757   中教(第二批第二书库)/山东中教(第二批)/2035/ [索取号:Q959.8/5] 在馆    
7 2001167758   2001167758   中教(第二批第二书库)/山东中教(第二批)/2035/ [索取号:Q959.8/5] 在馆    
8 2001167759   2001167759   中教(第二批第二书库)/山东中教(第二批)/2035/ [索取号:Q959.8/5] 在馆    
9 2001167760   2001167760   中教(第二批第二书库)/山东中教(第二批)/2035/ [索取号:Q959.8/5] 在馆    
10 2001167761   2001167761   中教(第二批第二书库)/山东中教(第二批)/2035/ [索取号:Q959.8/5] 在馆    
11 2001167762   2001167762   中教(第二批第二书库)/山东中教(第二批)/2035/ [索取号:Q959.8/5] 在馆    
12 2001167763   2001167763   中教(第二批第二书库)/山东中教(第二批)/2035/ [索取号:Q959.8/5] 在馆    
13 2001167764   2001167764   中教(第二批第二书库)/山东中教(第二批)/2035/ [索取号:Q959.8/5] 在馆    
14 2001167765   2001167765   中教(第二批第二书库)/山东中教(第二批)/2035/ [索取号:Q959.8/5] 在馆    
15 2001167766   2001167766   中教(第二批第二书库)/山东中教(第二批)/2035/ [索取号:Q959.8/5] 在馆    
16 2001167767   2001167767   中教(第二批第二书库)/山东中教(第二批)/2035/ [索取号:Q959.8/5] 在馆    
17 2001167768   2001167768   中教(第二批第二书库)/山东中教(第二批)/2035/ [索取号:Q959.8/5] 在馆    
18 2001167769   2001167769   中教(第二批第二书库)/山东中教(第二批)/2035/ [索取号:Q959.8/5] 在馆    
19 2001167770   2001167770   中教(第二批第二书库)/山东中教(第二批)/2035/ [索取号:Q959.8/5] 在馆    
20 2001167771   2001167771   中教(第二批第二书库)/山东中教(第二批)/2035/ [索取号:Q959.8/5] 在馆    
21 2001167772   2001167772   中教(第二批第二书库)/山东中教(第二批)/2035/ [索取号:Q959.8/5] 在馆    
22 2001167773   2001167773   中教(第二批第二书库)/山东中教(第二批)/2035/ [索取号:Q959.8/5] 在馆    
23 2001167774   2001167774   中教(第二批第二书库)/山东中教(第二批)/2035/ [索取号:Q959.8/5] 在馆    
24 2001167775   2001167775   中教(第二批第二书库)/山东中教(第二批)/2035/ [索取号:Q959.8/5] 在馆    
25 2001167776   2001167776   中教(第二批第二书库)/山东中教(第二批)/2035/ [索取号:Q959.8/5] 在馆    
26 2001167777   2001167777   中教(第二批第二书库)/山东中教(第二批)/2035/ [索取号:Q959.8/5] 在馆    
27 2001167778   2001167778   中教(第二批第二书库)/山东中教(第二批)/2035/ [索取号:Q959.8/5] 在馆    
28 2001167779   2001167779   中教(第二批第二书库)/山东中教(第二批)/2035/ [索取号:Q959.8/5] 在馆    
29 2001167780   2001167780   中教(第二批第二书库)/山东中教(第二批)/2035/ [索取号:Q959.8/5] 在馆    
30 2001167781   2001167781   中教(第二批第二书库)/山东中教(第二批)/2035/ [索取号:Q959.8/5] 在馆    
山东省滨州职业学院图书馆 欢迎您!
大连网信软件有限公司© 版权所有